| 000 | 00568nam a2200181 i 4500 | ||
|---|---|---|---|
| 001 | bg | ||
| 245 | 0 |
_aAktualne przepisy w ochronie środowiska : _bsuplement 2 / _cAgencja Ochrony Środowiska w Koszalinie ; [redakcja Bogdan Gutkowski]. |
|
| 260 |
_aKoszalin : _bAOŚ, _c1994. |
||
| 300 |
_a23 s. ; _c29 cm. |
||
| 650 | 9 |
_aŚrodowisko człowieka _xochrona _xprawo |
|
| 700 | 1 |
_aGUTKOWSKI, Bogdan. _eRed. |
|
| 710 | _aAGENCJA OCHRONY ŚRODOWISKA | ||
| 040 | _cBPK | ||
| 041 | _apol | ||
| 080 | _a504:349.6 | ||
| 942 | _cKS | ||
| 008 | s pl f |000 0 pol | ||
| 999 |
_c30104 _d30104 |
||
| 856 |
_uhttp://koha.tu.koszalin.pl/cgi-bin/koha/opac-detail.pl?biblionumber=30104 _yKatalog online BPK |
||